| 000 | 01613nam2a2200289 4500 | ||
|---|---|---|---|
| 001 | RU\NLR\bibl\805499 | ||
| 005 | 20250614130913.0 | ||
| 021 |
_aRU _b2005-11497 _9589 |
||
| 035 | _a(NLR Aleph) 000794632 | ||
| 090 |
_a1143196 _c1143196 |
||
| 100 | _a20050601d2004 |||y0rusy50 ca | ||
| 101 | 0 | _arus | |
| 102 | _aRU | ||
| 105 | _aa ||||||||| | ||
| 200 | 1 | _aДатчики неэлектрических величин. Измерители частоты вращения | |
| 210 |
_d2004 _aБ. м. |
||
| 215 |
_a37 с. _cил. |
||
| 320 | _aБиблиогр.: с. 36 (7 назв.) | ||
| 461 | 0 |
_1001RU\NLR\bibl\820845 _12001#$aЭлектрические и электронные аппараты$vЧ. 3 _91233702 _aСлободской, В. Х. _cНовосибирск _d2004 _fВ.Х. Слободской _nНовосибирская государственная академия водного транспорта _oучебное пособие _tЭлектрические и электронные аппараты _vЧ. 3 |
|
| 606 | 1 |
_aДатчики для измерения неэлектрических величин _jРуководства, пособия и т.п. для высшей школы _9956084 _3RU\NLR\auth\66356330 |
|
| 606 | 1 |
_aДатчики для измерения неэлектрических величин _jУчебные издания для высших учебных заведений _9956084 _3RU\NLR\auth\66356330 |
|
| 686 | _aЖ102.33-5я73-1 | ||
| 801 | 0 |
_aRU _bNLR _c20050601 _gPSBO |
|
| 801 | 1 |
_aRU _bNLR _c20050601 |
|
| 942 | _cBOOK | ||
| 980 | _aNB | ||